<?xml version="1.0" encoding="UTF-8"?>
<record
    xmlns:xsi="http://www.w3.org/2001/XMLSchema-instance"
    xsi:schemaLocation="http://www.loc.gov/MARC21/slim http://www.loc.gov/standards/marcxml/schema/MARC21slim.xsd"
    xmlns="http://www.loc.gov/MARC21/slim">

  <leader>01423cam a2200349 a 4500</leader>
  <controlfield tag="001">16834737</controlfield>
  <controlfield tag="005">20141201134711.0</controlfield>
  <controlfield tag="008">110620t2011    ne a   frb    001 0 eng d</controlfield>
  <datafield tag="010" ind1=" " ind2=" ">
    <subfield code="a">2011414760</subfield>
  </datafield>
  <datafield tag="020" ind1=" " ind2=" ">
    <subfield code="a">9789041131171</subfield>
  </datafield>
  <datafield tag="040" ind1=" " ind2=" ">
    <subfield code="a">DLC</subfield>
    <subfield code="c">DLC</subfield>
    <subfield code="d">EG-ScBUE</subfield>
  </datafield>
  <datafield tag="043" ind1=" " ind2=" ">
    <subfield code="a">e------</subfield>
  </datafield>
  <datafield tag="082" ind1="0" ind2="0">
    <subfield code="a">343.4087</subfield>
    <subfield code="2">22</subfield>
    <subfield code="b">VAN</subfield>
  </datafield>
  <datafield tag="100" ind1="1" ind2=" ">
    <subfield code="a">Van Bael, Ivo</subfield>
    <subfield code="9">36722</subfield>
  </datafield>
  <datafield tag="245" ind1="1" ind2="0">
    <subfield code="a">EU anti-dumping and other trade defence instruments /</subfield>
    <subfield code="c">Van Bael &amp; Bellis.</subfield>
  </datafield>
  <datafield tag="246" ind1="3" ind2="0">
    <subfield code="a">European Union anti-dumping and other trade defence instruments</subfield>
  </datafield>
  <datafield tag="250" ind1=" " ind2=" ">
    <subfield code="a">5th ed.</subfield>
  </datafield>
  <datafield tag="260" ind1=" " ind2=" ">
    <subfield code="a">Alphen aan den Rijn, Netherlands :</subfield>
    <subfield code="b">Kluwer Law International ;</subfield>
    <subfield code="c">c.2011.</subfield>
  </datafield>
  <datafield tag="300" ind1=" " ind2=" ">
    <subfield code="a">xxv, 1368 p. :</subfield>
    <subfield code="b">tables ;</subfield>
    <subfield code="c">25 cm.</subfield>
  </datafield>
  <datafield tag="500" ind1=" " ind2=" ">
    <subfield code="a">Rev. ed. of : Anti-dumping and other trade protection laws of the EC / Van Bael &amp; Bellis. 4th ed. c2004.</subfield>
  </datafield>
  <datafield tag="500" ind1=" " ind2=" ">
    <subfield code="a">Index : p. 1357-1368.</subfield>
  </datafield>
  <datafield tag="504" ind1=" " ind2=" ">
    <subfield code="a">Bibliography : p. 1341-1355.</subfield>
  </datafield>
  <datafield tag="650" ind1=" " ind2="0">
    <subfield code="a">Foreign trade regulation</subfield>
    <subfield code="z">European Union countries</subfield>
    <subfield code="9">36723</subfield>
  </datafield>
  <datafield tag="650" ind1=" " ind2="0">
    <subfield code="a">Subsidies</subfield>
    <subfield code="x">Law and legislation</subfield>
    <subfield code="z">European Union countries</subfield>
    <subfield code="9">36724</subfield>
  </datafield>
  <datafield tag="650" ind1=" " ind2="0">
    <subfield code="a">Antidumping duties</subfield>
    <subfield code="x">Law and legislation</subfield>
    <subfield code="z">European Union countries</subfield>
    <subfield code="9">36725</subfield>
  </datafield>
  <datafield tag="650" ind1=" " ind2="0">
    <subfield code="a">Non-tariff trade barriers</subfield>
    <subfield code="x">Law and legislation</subfield>
    <subfield code="z">European Union countries</subfield>
    <subfield code="9">36726</subfield>
  </datafield>
  <datafield tag="653" ind1=" " ind2=" ">
    <subfield code="b">BUSADM</subfield>
    <subfield code="c">December2014</subfield>
  </datafield>
  <datafield tag="655" ind1=" " ind2=" ">
    <subfield code="v">reading book</subfield>
    <subfield code="9">34232</subfield>
  </datafield>
  <datafield tag="700" ind1="1" ind2=" ">
    <subfield code="a">Bellis, Jean-Franc&#xCC;&#xA7;ois</subfield>
    <subfield code="9">36727</subfield>
  </datafield>
  <datafield tag="710" ind1="2" ind2=" ">
    <subfield code="a">Van Bael &amp; Bellis (Firm)</subfield>
    <subfield code="9">36728</subfield>
  </datafield>
  <datafield tag="942" ind1=" " ind2=" ">
    <subfield code="2">ddc</subfield>
    <subfield code="k">343.4087 VAN</subfield>
  </datafield>
  <datafield tag="999" ind1=" " ind2=" ">
    <subfield code="c">18693</subfield>
    <subfield code="d">18665</subfield>
  </datafield>
  <datafield tag="952" ind1=" " ind2=" ">
    <subfield code="0">0</subfield>
    <subfield code="1">0</subfield>
    <subfield code="2">ddc</subfield>
    <subfield code="4">0</subfield>
    <subfield code="7">0</subfield>
    <subfield code="8">Baccah</subfield>
    <subfield code="a">MAIN</subfield>
    <subfield code="b">MAIN</subfield>
    <subfield code="c">1ST</subfield>
    <subfield code="d">2014-12-01</subfield>
    <subfield code="e">purchase</subfield>
    <subfield code="g">1750.00</subfield>
    <subfield code="h">20677</subfield>
    <subfield code="l">0</subfield>
    <subfield code="o">343.4087 VAN</subfield>
    <subfield code="p">000037074</subfield>
    <subfield code="r">2025-07-15 00:00:00</subfield>
    <subfield code="v">218.75</subfield>
    <subfield code="y">BB</subfield>
  </datafield>
</record>
